| 000 | 00761cab a2200253 4500 | ||
|---|---|---|---|
| 001 | ABS50892 | ||
| 008 | 090401t1994 xxu||||| |||| 00| 0 eng d | ||
| 035 | _a(Sirsi) u277 | ||
| 041 | _aeng | ||
| 100 | _aSmith, Peter F. | ||
| 245 | _aRenewal of leases by covenant | ||
| 260 | _c1994 | ||
| 350 | _a0 | ||
| 490 |
_aRent Review & Lease Renewal _v14(3) 1994, 23-30(8) |
||
| 520 | _aExamines the issue of renewal of leases by covenant and explains factors such as registration, frequency, terms and conditions of renewal and formalities of notice. | ||
| 650 | _aCOVENANTS | ||
| 650 | _aLEASE RENEWAL | ||
| 650 | _aLEASES | ||
| 650 | _aNOTICES | ||
| 650 | _aOPTIONS TO RENEW | ||
| 690 |
_aLandlord and tenant _96252 |
||
| 942 | _n0 | ||
| 948 | _c04/03/1997 | ||
| 999 |
_c107 _d107 |
||